LEADER 05690nam 2200697 450 001 9910465341503321 005 20200903223051.0 010 $a3-03813-769-3 035 $a(CKB)2560000000090842 035 $a(EBL)1872758 035 $a(SSID)ssj0000887487 035 $a(PQKBManifestationID)11478209 035 $a(PQKBTitleCode)TC0000887487 035 $a(PQKBWorkID)10840273 035 $a(PQKB)10761939 035 $a(MiAaPQ)EBC1872758 035 $a(Au-PeEL)EBL1872758 035 $a(CaPaEBR)ebr10827111 035 $a(OCoLC)875216710 035 $a(EXLCZ)992560000000090842 100 $a20140120h20122012 uy 0 101 0 $aeng 135 $aur|n|---||||| 181 $ctxt 182 $cc 183 $acr 200 10$aGreen printing and packaging materials $eselected, peer-reviewed papers from the 2011 China Academic Conference on Green Printing and Packaging Materials, August 20-23, 2011, Harbin China /$fedited by Ouyang Yun, Xui Min and Yang Li 210 1$aZurich, Switzerland :$cTrans Tech Publications,$d2012. 210 4$dİ2012 215 $a1 online resource (369 p.) 225 1 $aAdvanced Materials Research,$x1022-6680 ;$vVolume 380 300 $aDescription based upon print version of record. 311 $a3-03785-313-1 320 $aIncludes bibliographical references at the end of each chapters and indexes. 327 $aGreen Printing and Packaging Materials; Preface and Organizing Committee; Table of Contents; Chapter 1: Environment Friendly Ink and Material Technology; Synthesis of Nano-Emulsion with Allyl-Type Sodium Succinate Diester Emulsifier; Studies on the Synthesis and its Properties of Reversible Red-Thermochromic Materials; Synthesis of Styrene-Acrylic Emulsion for Aqueous Glazing Agent; Preparation of the Plastic Water-Based Gravure Primary Ink with High Pigment; The Effects that Cosolvent Takes on Ink Used in Water-Borne Pen Performance and Quality 327 $aStudy on Scratch-Resistance and Abrasion-Resistance of Water-Based VarnishStudy on Dryness and Printing Quality of Water-Based Plastic Gravure Ink; Synthesis and Property of Polymerizable Sodium Sulfosuccinic Diester; Influence of Ink Fineness on the Performance of Water-Based Cork Paper Bobbin Gravure Ink; The Effects of Resin on the Performance of Water-Based Inkjet Ink Used in Printing; Research on Environment-Friendly Ink and Fine Chemicals; Study on Application Performance of Water-Based Pigment Ink on Uncoated Paper; Study on Nano-SiO2 Used to Improve the Property of Ink 327 $aKinetics of the Curing Reaction of a Diglycidyl Ether of Bisphenol with a Methanol Etherified Amino ResinSynthesis of Spiropyran Photochromic Polymer; A New Black Water Based Ink Prepared by Chinese Traditional Materials for Screen Printing Ancient Books; The Study on the Influence of Monomer on the Printing Quality of UV Waterless Offset Ink; The Effect of Emulsification Ratio on Ink-Transfer Performance and Printing Quality of UV Offset Ink; Synthesis of Emulsion for Water-Based Pigment Ink Jet; Research on the Color Stability of Edible Ink-Jet Ink 327 $aThe Application of Environmental Protection Long-Lag Material in Printing Ink of Fluorescent MapThe Influence of Emulsification on the Rheological Properties of UV Curable Offset Ink; The Effect of a Prepolymer on the Performance of UV Ink-Jet Yellow Ink; Study on Synthesis and Fluorescent Properties of Ternary and Quaternary Rare Earth Europium Complexes; Effect of pH on the Luminescent Properties of the Green Fluorescent Ink-Jet Ink; Effect of Photo-Initiator on Curing Rate of Water-Base UV Varnish; Study Main Properties of Two Systems Watermark Varnish 327 $aResearch on the Quality of Screen Printing Based on the UV InkSynthesis and Fluorescent Property of Europium-Doped Complexes with P-Anisic Acid and Thenoyltrifluoroacetone; Preparation of Silver Nanoplates and Application in PCB Ink-Jet; Study on the HEA-Blocking Unsaturated Polyester Solventless Impregnating Varnish; Progress of Printing RFID Antenna Using Water-Based Conductive Ink; Chapter 2: Environment Friendly Packaging Material Technology; Study on the Adjustment to the Pressure of Flexible Printing on the Board 327 $aStudy of the Structure and Oxygen Permeability of Cellulose Packaging Films from NMMO-Solutions 330 $aThis collection reports on the latest research achievements in the fields of Environmentally-Friendly Ink and Materials Technology, Environmentally-Friendly Packaging Materials Technology, Green Information Recording Material and Environmentally-Friendly Packaging Materials Technology. The contents are anticipated to promote academic communication between related colleges and research institutes so as to improve the research and development capabilities available for the furthering of progress in environment-friendly printing and packaging. Review from Book News Inc.: The 78 papers collected h 410 0$aAdvanced materials research ;$vv. 380. 606 $aGreen products$vCongresses 606 $aPackaging$vCongresses 606 $aPackage goods industry$vCongresses 608 $aElectronic books. 615 0$aGreen products 615 0$aPackaging 615 0$aPackage goods industry 676 $a658.5/64 701 $aYun$b Ouyang$0856993 701 $aMin$b Xui$0862732 701 $aLi$b Yang$0862733 712 12$aChina Academic Conference on Green Printing and Packaging Materials 801 0$bMiAaPQ 801 1$bMiAaPQ 801 2$bMiAaPQ 906 $aBOOK 912 $a9910465341503321 996 $aGreen printing and packaging materials$91925719 997 $aUNINA LEADER 04851nam 22008175 450 001 9910299443603321 005 20200705020243.0 010 $a3-319-08518-2 024 7 $a10.1007/978-3-319-08518-0 035 $a(CKB)3710000000249055 035 $a(EBL)1965341 035 $a(OCoLC)892913863 035 $a(SSID)ssj0001353929 035 $a(PQKBManifestationID)11773464 035 $a(PQKBTitleCode)TC0001353929 035 $a(PQKBWorkID)11322358 035 $a(PQKB)10764380 035 $a(DE-He213)978-3-319-08518-0 035 $a(MiAaPQ)EBC1965341 035 $a(PPN)181347946 035 $a(EXLCZ)993710000000249055 100 $a20140929d2015 u| 0 101 0 $aeng 135 $aur|n|---||||| 181 $ctxt 182 $cc 183 $acr 200 10$aStorm-triggered Landslides in Warmer Climates /$fby Diandong Ren 205 $a1st ed. 2015. 210 1$aCham :$cSpringer International Publishing :$cImprint: Springer,$d2015. 215 $a1 online resource (365 p.) 300 $aDescription based upon print version of record. 311 $a3-319-08517-4 320 $aIncludes bibliographical references at the end of each chapters. 327 $aIntroduction -- Ecosystem of sloping terrain, soil and vegetation -- Landslides are a double-edged sword -- Strain and Stress -- Landslide dynamics -- SEGMENT-Landslide and applications on various climatic zones -- Changes in extreme precipitation in a future warming climate -- Landslides impact on sea level rise -- Modeling the debris flows in the aftermath of the 2007 Southern California Wildfires -- Opportunity and challenges in a remote sensing era -- The path forward: Landslides in a future climate -- Mathematical skills required to fully understand SEGMENT-Landslide -- Appendix 1: Pressure fields within a simplest granular media - A comment on a recent Science article on locomotors running over sands -- Appendix 2: Cluster analysis -- Appendix 3: Scarp size distribution, who are the players? -- Appendix 4: Basic tensor (and vector) operations -- Appendix 5: GPD analysis of extreme precipitation -- Appendix C1: Lax-Windoff scheme of various order of accuracy (1D followed by a higher order scheme implemented in SEGMENT-Landslide -- Appendix C2: 1D thermal equation solver (semi-implicit C-N scheme). 330 $aThis volume covers the general physics of debris flows and various approaches to modeling - including the SEGMENT-Landslide approach ? as well as the pros and cons of these approaches, and how other approaches are sub-sets of the SEGMENT-Landslide approach. In addition, this volume will systematically unify the concepts of vadose zone hydrology and geotechnical engineering, with special emphasis on quantifying ecosystem consequences of storm-triggered landslides in a warmer climate setting. The reader will find a comprehensive coverage of concepts ranging from hillslope hydrology, porous granular material rheology, and the fundamentals of soil properties to state-of-the-art concepts of enhanced hydrological cycle with climate warming, finishing with a discussion of new approaches for future research. 606 $aNatural disasters 606 $aClimatic changes 606 $aGeology, Structural 606 $aHydrogeology 606 $aAtmospheric science 606 $aSoil science 606 $aSoil conservation 606 $aNatural Hazards$3https://scigraph.springernature.com/ontologies/product-market-codes/G32000 606 $aClimate Change/Climate Change Impacts$3https://scigraph.springernature.com/ontologies/product-market-codes/313000 606 $aStructural Geology$3https://scigraph.springernature.com/ontologies/product-market-codes/G17040 606 $aHydrogeology$3https://scigraph.springernature.com/ontologies/product-market-codes/G19005 606 $aAtmospheric Sciences$3https://scigraph.springernature.com/ontologies/product-market-codes/G36000 606 $aSoil Science & Conservation$3https://scigraph.springernature.com/ontologies/product-market-codes/U28000 615 0$aNatural disasters. 615 0$aClimatic changes. 615 0$aGeology, Structural. 615 0$aHydrogeology. 615 0$aAtmospheric science. 615 0$aSoil science. 615 0$aSoil conservation. 615 14$aNatural Hazards. 615 24$aClimate Change/Climate Change Impacts. 615 24$aStructural Geology. 615 24$aHydrogeology. 615 24$aAtmospheric Sciences. 615 24$aSoil Science & Conservation. 676 $a55 676 $a551 676 $a551.4 676 $a551.5 700 $aRen$b Diandong$4aut$4http://id.loc.gov/vocabulary/relators/aut$01064266 906 $aBOOK 912 $a9910299443603321 996 $aStorm-triggered Landslides in Warmer Climates$92537207 997 $aUNINA